000 00935nam a2200253 a 4500
005 20170926112951.0
008 080126s2007 sp a jr 00010 spa d
020 _a9788426135759
040 _aCO-BoBLA
_cCO-BoBLA
041 1 _heng
_aspa
090 _aI-JUV
_b01
100 1 _aWells, Robert E.
245 1 0 _a¿Bebió un dinosaurio de esta agua? /
_cRobert E. Wells ; traducción Raquel Solá García.
260 3 _aBarcelona :
_bEditorial Juventud,
_c2007.
300 _a30 páginas
_bilustraciones a color
_c19 x 28 cm.
534 _pTítulo original :
_tDid a dinosaur drink this water?.
650 1 6 _aCiclo hidrológico
_v Literatura juvenil.
650 _aAgua
_v Literatura juvenil.
650 _aAgua
_xUsos
_vLiteratura juvenil.
650 _aHidrología
_vLiteratura juvenil.
700 1 2 _aSolá García, Raquel,
_etraductora
942 _2z
_cLIBRO
949 _an
_bn
999 _c19878
_d19878